<?xml version="1.0" encoding="UTF-8"?>
<record
    xmlns:xsi="http://www.w3.org/2001/XMLSchema-instance"
    xsi:schemaLocation="http://www.loc.gov/MARC21/slim http://www.loc.gov/standards/marcxml/schema/MARC21slim.xsd"
    xmlns="http://www.loc.gov/MARC21/slim">

  <leader>03442njm a2200577Ia 4500</leader>
  <controlfield tag="001">25581</controlfield>
  <controlfield tag="003">IT-RoPAU</controlfield>
  <controlfield tag="005">20220918181157.0</controlfield>
  <controlfield tag="008">131025s9999    xx            000 0 und d</controlfield>
  <datafield tag="040" ind1=" " ind2=" ">
    <subfield code="a">IT-RoPAU</subfield>
  </datafield>
  <datafield tag="040" ind1=" " ind2=" ">
    <subfield code="c">IT-RoPAU</subfield>
  </datafield>
  <datafield tag="999" ind1=" " ind2=" ">
    <subfield code="c">102686</subfield>
    <subfield code="d">102686</subfield>
  </datafield>
  <datafield tag="999" ind1=" " ind2=" ">
    <subfield code="b">n.d.</subfield>
  </datafield>
  <datafield tag="100" ind1=" " ind2=" ">
    <subfield code="a">AA.VV.</subfield>
    <subfield code="9">794</subfield>
  </datafield>
  <datafield tag="100" ind1=" " ind2=" ">
    <subfield code="e">Autore musica</subfield>
    <subfield code="9">12132</subfield>
  </datafield>
  <datafield tag="100" ind1=" " ind2=" ">
    <subfield code="g">Codice autore musica SPICS: 12000</subfield>
    <subfield code="9">796</subfield>
  </datafield>
  <datafield tag="245" ind1=" " ind2=" ">
    <subfield code="a">Mr. Music... Mantovani</subfield>
  </datafield>
  <datafield tag="250" ind1=" " ind2=" ">
    <subfield code="a">1a ed.</subfield>
  </datafield>
  <datafield tag="260" ind1=" " ind2=" ">
    <subfield code="a">LONDON</subfield>
  </datafield>
  <datafield tag="260" ind1=" " ind2=" ">
    <subfield code="b">DECCA RECORD COMPANY</subfield>
    <subfield code="c">1966 [1a Ed.:1966]</subfield>
  </datafield>
  <datafield tag="300" ind1=" " ind2=" ">
    <subfield code="a">DISCO</subfield>
  </datafield>
  <datafield tag="500" ind1=" " ind2=" ">
    <subfield code="a">Musica strumentale. Arrangiamento </subfield>
  </datafield>
  <datafield tag="505" ind1=" " ind2=" ">
    <subfield code="a">Smile - Ebb Tide - Softly As I Leave You - Spanish Flea - Theme From the Oscar - How Soon - Yesterday - Strangers In the Night - From Russia With Love - Love and Marriage - The Shadow of Your Smile - Three O'Clock In the Morning</subfield>
  </datafield>
  <datafield tag="511" ind1=" " ind2=" ">
    <subfield code="a">Mantovani and his Orchestra</subfield>
  </datafield>
  <datafield tag="650" ind1=" " ind2=" ">
    <subfield code="a">STRUMENTALE [DISCHI]</subfield>
    <subfield code="e">Codice MATERIA SPICS: 9950</subfield>
    <subfield code="9">828</subfield>
  </datafield>
  <datafield tag="700" ind1=" " ind2=" ">
    <subfield code="a">Mantovani </subfield>
    <subfield code="g">Codice interprete SPICS: 4231</subfield>
    <subfield code="p">Interprete</subfield>
    <subfield code="9">9462</subfield>
  </datafield>
  <datafield tag="700" ind1=" " ind2=" ">
    <subfield code="a">Chaplin Charlie (Charlot)</subfield>
    <subfield code="g">Codice autore musica SPICS: 8134</subfield>
    <subfield code="p">Smile</subfield>
    <subfield code="e">Autore musica</subfield>
    <subfield code="9">12133</subfield>
  </datafield>
  <datafield tag="700" ind1=" " ind2=" ">
    <subfield code="a">Turner Joe</subfield>
    <subfield code="g">Codice autore SPICS: 15797</subfield>
    <subfield code="p">Smile</subfield>
    <subfield code="e">Autore</subfield>
    <subfield code="9">12134</subfield>
  </datafield>
  <datafield tag="700" ind1=" " ind2=" ">
    <subfield code="a">Parsons Alan (Project)</subfield>
    <subfield code="g">Codice autore testo/musica SPICS: 11422</subfield>
    <subfield code="p">Smile</subfield>
    <subfield code="e">Autore testo/musica</subfield>
    <subfield code="9">12135</subfield>
  </datafield>
  <datafield tag="700" ind1=" " ind2=" ">
    <subfield code="a">Maxwell</subfield>
    <subfield code="g">Codice autore musica SPICS: 14403</subfield>
    <subfield code="p">Ebb Tide</subfield>
    <subfield code="e">Autore musica</subfield>
    <subfield code="9">12136</subfield>
  </datafield>
  <datafield tag="700" ind1=" " ind2=" ">
    <subfield code="a">Sigman C.</subfield>
    <subfield code="g">Codice autore SPICS: 14404</subfield>
    <subfield code="p">Ebb Tide</subfield>
    <subfield code="e">Autore</subfield>
    <subfield code="9">12137</subfield>
  </datafield>
  <datafield tag="700" ind1=" " ind2=" ">
    <subfield code="a">Calabrese Giorgio</subfield>
    <subfield code="g">Codice autore musica SPICS: 1368</subfield>
    <subfield code="p">Softly As I Leave You</subfield>
    <subfield code="e">Autore musica</subfield>
    <subfield code="9">12138</subfield>
  </datafield>
  <datafield tag="700" ind1=" " ind2=" ">
    <subfield code="a">Shaper</subfield>
    <subfield code="g">Codice autore SPICS: 15852</subfield>
    <subfield code="p">Softly As I Leave You</subfield>
    <subfield code="e">Autore musica</subfield>
    <subfield code="9">12139</subfield>
  </datafield>
  <datafield tag="700" ind1=" " ind2=" ">
    <subfield code="a">Wechter</subfield>
    <subfield code="g">Codice autore musica SPICS: 15853</subfield>
    <subfield code="p">Spanish Flea</subfield>
    <subfield code="e">Autore musica</subfield>
    <subfield code="9">12140</subfield>
  </datafield>
  <datafield tag="700" ind1=" " ind2=" ">
    <subfield code="a">Faith Percy</subfield>
    <subfield code="g">Codice autore musica SPICS: 15854</subfield>
    <subfield code="p">Theme From the Oscar</subfield>
    <subfield code="e">Autore musica</subfield>
    <subfield code="9">12141</subfield>
  </datafield>
  <datafield tag="700" ind1=" " ind2=" ">
    <subfield code="a">Mancini Henry</subfield>
    <subfield code="g">Codice autore musica SPICS: 11002</subfield>
    <subfield code="p">How Soon</subfield>
    <subfield code="e">Autore musica</subfield>
    <subfield code="9">12142</subfield>
  </datafield>
  <datafield tag="700" ind1=" " ind2=" ">
    <subfield code="a">Stillman</subfield>
    <subfield code="g">Codice autore SPICS: 15855</subfield>
    <subfield code="p">How Soon</subfield>
    <subfield code="e">Autore</subfield>
    <subfield code="9">12143</subfield>
  </datafield>
  <datafield tag="700" ind1=" " ind2=" ">
    <subfield code="a">Lennon John</subfield>
    <subfield code="g">Codice autore musica SPICS: 13133</subfield>
    <subfield code="p">Yesterday</subfield>
    <subfield code="e">Autore musica</subfield>
    <subfield code="9">12144</subfield>
  </datafield>
  <datafield tag="700" ind1=" " ind2=" ">
    <subfield code="a">McCartney Paul</subfield>
    <subfield code="g">Codice autore SPICS: 8084</subfield>
    <subfield code="p">Yesterday</subfield>
    <subfield code="e">Autore musica</subfield>
    <subfield code="9">12145</subfield>
  </datafield>
  <datafield tag="700" ind1=" " ind2=" ">
    <subfield code="a">Singleton C.</subfield>
    <subfield code="g">Codice autore musica SPICS: 15856</subfield>
    <subfield code="p">Strangers In the Night</subfield>
    <subfield code="e">Autore musica</subfield>
    <subfield code="9">12146</subfield>
  </datafield>
  <datafield tag="700" ind1=" " ind2=" ">
    <subfield code="a">Snyder E.</subfield>
    <subfield code="g">Codice autore SPICS: 14485</subfield>
    <subfield code="p">Strangers In the Night</subfield>
    <subfield code="e">Autore</subfield>
    <subfield code="9">12147</subfield>
  </datafield>
  <datafield tag="700" ind1=" " ind2=" ">
    <subfield code="a">Kaempfert Bert</subfield>
    <subfield code="g">Codice autore testo/musica SPICS: 8041</subfield>
    <subfield code="p">Strangers In the Night</subfield>
    <subfield code="e">Autore testo/musica</subfield>
    <subfield code="9">12148</subfield>
  </datafield>
  <datafield tag="700" ind1=" " ind2=" ">
    <subfield code="a">Bart Lionel</subfield>
    <subfield code="g">Codice autore musica SPICS: 14455</subfield>
    <subfield code="p">From Russia With Love</subfield>
    <subfield code="e">Autore musica</subfield>
    <subfield code="9">12149</subfield>
  </datafield>
  <datafield tag="700" ind1=" " ind2=" ">
    <subfield code="a">Van Heusen Jimmy</subfield>
    <subfield code="g">Codice autore musica SPICS: 15744</subfield>
    <subfield code="p">Love and Marriage</subfield>
    <subfield code="e">Autore musica</subfield>
    <subfield code="9">12150</subfield>
  </datafield>
  <datafield tag="700" ind1=" " ind2=" ">
    <subfield code="a">Ithier H.</subfield>
    <subfield code="g">Codice autore SPICS: 15580</subfield>
    <subfield code="p">Love and Marriage</subfield>
    <subfield code="e">Autore</subfield>
    <subfield code="9">12151</subfield>
  </datafield>
  <datafield tag="700" ind1=" " ind2=" ">
    <subfield code="a">Cahn</subfield>
    <subfield code="g">Codice autore testo/musica SPICS: 20244</subfield>
    <subfield code="p">Love and Marriage</subfield>
    <subfield code="e">Autore testo/musica</subfield>
    <subfield code="9">12152</subfield>
  </datafield>
  <datafield tag="700" ind1=" " ind2=" ">
    <subfield code="a">Mandel Johnny</subfield>
    <subfield code="g">Codice autore musica SPICS: 11004</subfield>
    <subfield code="p">The Shadow of Your Smile</subfield>
    <subfield code="e">Autore musica</subfield>
    <subfield code="9">12153</subfield>
  </datafield>
  <datafield tag="700" ind1=" " ind2=" ">
    <subfield code="a">Webster Frank</subfield>
    <subfield code="g">Codice autore SPICS: 6055</subfield>
    <subfield code="p">The Shadow of Your Smile</subfield>
    <subfield code="e">Autore</subfield>
    <subfield code="9">12154</subfield>
  </datafield>
  <datafield tag="700" ind1=" " ind2=" ">
    <subfield code="a">Robledo</subfield>
    <subfield code="g">Codice autore musica SPICS: 15858</subfield>
    <subfield code="p">Three O'Clock In the Morning</subfield>
    <subfield code="e">Autore musica</subfield>
    <subfield code="9">12155</subfield>
  </datafield>
  <datafield tag="700" ind1=" " ind2=" ">
    <subfield code="a">Terriss</subfield>
    <subfield code="g">Codice autore SPICS: 15857</subfield>
    <subfield code="p">Three O'Clock In the Morning</subfield>
    <subfield code="e">Autore</subfield>
    <subfield code="9">12156</subfield>
  </datafield>
  <datafield tag="942" ind1=" " ind2=" ">
    <subfield code="c">MD</subfield>
    <subfield code="2">ddc</subfield>
  </datafield>
  <datafield tag="952" ind1=" " ind2=" ">
    <subfield code="0">0</subfield>
    <subfield code="1">0</subfield>
    <subfield code="4">0</subfield>
    <subfield code="6">25581_000000000000000</subfield>
    <subfield code="7">1</subfield>
    <subfield code="a">SPICS</subfield>
    <subfield code="b">SPICS</subfield>
    <subfield code="d">2013-10-25</subfield>
    <subfield code="l">0</subfield>
    <subfield code="o">25581</subfield>
    <subfield code="r">2013-10-25 00:00:00</subfield>
    <subfield code="w">2013-10-25</subfield>
    <subfield code="y">MD</subfield>
    <subfield code="z">Progr. Ins.: 5455 / N.Vol.: 1 / Copie: 1 - Copia rara: n.d. / date import: 01.01.2014 - By Epidotti, Trombetti, Vaglietti</subfield>
  </datafield>
</record>
